Alternative Sanktionen zum Freiheitsentzug und die Reform des Sanktionensystems
| Autor principal: | |
|---|---|
| Tipo de documento: | Print Libro |
| Lenguaje: | Alemán |
| Publicado: |
Frankfurt am Main Berlin Bern Wien [u.a.]
Lang
2002
|
| En: |
Würzburger Schriften zur Kriminalwissenschaft (9)
Año: 2002 |
| Acceso en línea: |
Resumen (Publisher) |
| Disponibilidad en Tübingen: | Disponible en Tübingen. IFK: F V 299 |
| Verificar disponibilidad: | HBZ Gateway |
| Servicio de pedido Subito: | Pedir ahora. |
| Palabras clave: |
MARC
| LEADER | 00000cam a2200000 c 4500 | ||
|---|---|---|---|
| 001 | 353327492 | ||
| 003 | DE-627 | ||
| 005 | 20251129022935.0 | ||
| 007 | tu | ||
| 008 | 020828s2002 gw ||||| m 00| ||ger c | ||
| 010 | |a 2003275032 | ||
| 015 | |a 02,N37,0302 |2 dnb | ||
| 015 | |a 02,A49,0687 |2 dnb | ||
| 016 | 7 | |a 965066576 |2 DE-101 | |
| 020 | |a 3631500831 |c kart. |9 3-631-50083-1 | ||
| 035 | |a (DE-627)353327492 | ||
| 035 | |a (DE-576)100751024 | ||
| 035 | |a (DE-599)DNB965066576 | ||
| 035 | |a (OCoLC)248761253 | ||
| 035 | |a (OCoLC)68628250 | ||
| 040 | |a DE-627 |b ger |c DE-627 |e rakwb | ||
| 041 | |a ger | ||
| 044 | |c XA-DE |c XA-CH |c XA-BE | ||
| 050 | 0 | |a MLCS 2008/40591 (H) | |
| 084 | |a 19 |2 sdnb | ||
| 084 | |a PH 9120 |2 rvk |0 (DE-625)rvk/136533: | ||
| 084 | |a 86.33 |2 bkl | ||
| 100 | 1 | |a Laun, Stefan |d 1974- |0 (DE-588)124018351 |0 (DE-627)085585556 |0 (DE-576)293983356 |4 aut | |
| 109 | |a Laun, Stefan 1974- | ||
| 245 | 1 | 0 | |a Alternative Sanktionen zum Freiheitsentzug und die Reform des Sanktionensystems |c Stefan Laun |
| 263 | |a kart. : ca. EUR 50.10 (freier Pr.) | ||
| 264 | 1 | |a Frankfurt am Main |a Berlin |a Bern |a Wien [u.a.] |b Lang |c 2002 | |
| 300 | |a 345 S. |b graph. Darst. |c 21 cm | ||
| 336 | |a Text |b txt |2 rdacontent | ||
| 337 | |a ohne Hilfsmittel zu benutzen |b n |2 rdamedia | ||
| 338 | |a Band |b nc |2 rdacarrier | ||
| 490 | 1 | |a Würzburger Schriften zur Kriminalwissenschaft |v 9 | |
| 502 | |a Zugl.: Würzburg, Univ., Diss. : 2002 | ||
| 583 | 1 | |a Archivierung prüfen |c 20240324 |f DE-4165 |z 2 |2 pdager | |
| 651 | 0 | |a Deutschland |x Strafrechtsreform |x Sanktion |x Ambulante Man︢ahme | |
| 655 | 7 | |a Hochschulschrift |0 (DE-588)4113937-9 |0 (DE-627)105825778 |0 (DE-576)209480580 |2 gnd-content | |
| 689 | 0 | 0 | |d g |0 (DE-588)4011882-4 |0 (DE-627)104704861 |0 (DE-576)208896155 |a Deutschland |2 gnd |
| 689 | 0 | 1 | |d s |0 (DE-588)4126268-2 |0 (DE-627)104122927 |0 (DE-576)209583673 |a Strafrechtsreform |2 gnd |
| 689 | 0 | 2 | |d s |0 (DE-588)4137830-1 |0 (DE-627)105647128 |0 (DE-576)209680938 |a Sanktion |2 gnd |
| 689 | 0 | 3 | |d s |0 (DE-588)4293666-4 |0 (DE-627)104192488 |0 (DE-576)210954507 |a Ambulante Maßnahme |2 gnd |
| 689 | 0 | |5 DE-101 | |
| 751 | |a Würzburg |0 (DE-588)4067037-5 |0 (DE-627)10611073X |0 (DE-576)209167939 |4 uvp | ||
| 830 | 0 | |a Würzburger Schriften zur Kriminalwissenschaft |v 9 |9 9 |w (DE-627)487673832 |w (DE-576)095008616 |w (DE-600)2190031-0 |x 1618-078X |7 am | |
| 856 | 4 | 2 | |u https://swbplus.bsz-bw.de/bsz100751024abs.htm |m B:DE-576;DE-21 |q text/html |v 20090202175417 |x Verlag |3 Abstract |7 1 |
| 935 | |i Blocktest | ||
| 936 | r | v | |a PH 9120 |b Strafe; Todesstrafe; Freiheitsstrafe; Geldstrafe; Leibesstrafe; Deportation; Vermögensstrafe; Häftlingsberichte |k Rechtswissenschaft |k Strafrecht, Strafverfahrensrecht, Kriminologie |k Kriminologie |k Pönologie; Kriminalpädagogik; Sanktionenforschung |k Strafe; Todesstrafe; Freiheitsstrafe; Geldstrafe; Leibesstrafe; Deportation; Vermögensstrafe; Häftlingsberichte |0 (DE-627)1272127125 |0 (DE-625)rvk/136533: |0 (DE-576)202127125 |
| 936 | b | k | |a 86.33 |j Strafrecht: Allgemeines |0 (DE-627)106422413 |
| 951 | |a BO | ||
| ELC | |b 1 | ||
| LOK | |0 000 xxxxxcx a22 zn 4500 | ||
| LOK | |0 001 3072568863 | ||
| LOK | |0 003 DE-627 | ||
| LOK | |0 004 353327492 | ||
| LOK | |0 005 20030225000000 | ||
| LOK | |0 008 030225||||||||||||||||ger||||||| | ||
| LOK | |0 040 |a DE-21-110 |c DE-627 |d DE-21-110 | ||
| LOK | |0 852 |a DE-21-110 | ||
| LOK | |0 852 1 |c F V 299 |m p |9 00 | ||
| LOK | |0 935 |a k110 | ||
| LOK | |0 936ln |a 12.3 | ||
| LOK | |0 938 |k p | ||
| LOK | |0 939 |a 25-02-03 |b l01 | ||
| ORI | |a SA-MARC-krimdoka001.raw | ||
| SIG | |a IFK: F V 299 | ||
| TIM | |a 100019901003_100020261231 |b 1990-10-03 - 2026 | ||
